The rivers of Zadaa
| Main Author: | |
|---|---|
| Format: | Book |
| Published: |
London :
Simon And Schuster ,
2005
|
| Series: | Pendragon
|
| Subjects: |
MARC
| LEADER | 00000cam a2200000 7i4500 | ||
|---|---|---|---|
| 001 | 0000009078 | ||
| 005 | 20160330.0 | ||
| 008 | 070924 | ||
| 020 | |a 0689875533 | ||
| 090 | 0 | 0 | |a MAC |b ENG (8838) |
| 100 | 1 | |a MacHale D. J | |
| 245 | 1 | 4 | |a The rivers of Zadaa |c D. J MacHale |
| 260 | |a London : |b Simon And Schuster , |c 2005 | ||
| 440 | |a Pendragon | ||
| 500 | |a Teenager ages 13-18 years old (blue) | ||
| 650 | 0 | |a English fiction | |
| 650 | 0 | |a Novel | |
| 999 | |a 0000993620 |b Book |c Teenagers |e Cawangan Taman Sri Lambak | ||
| 999 | |a 0000993622 |b Book |c Teenagers |e Perbadanan Perpustakaan Awam Johor | ||